World Capitals Closest to Nuuk - One Minute Sprint - Statistics

General Stats
  • This quiz has been taken 54 times
  • The average score is 12 of 20
Answer Stats
km capital miles % Correct
3160 Oslo 1964
90%
2562 Ottawa 1592
86%
3527 Stockholm 2192
86%
3252 London 2020
82%
2810 Dublin 1746
80%
1433 Reykjavík 891
80%
3766 Helsinki 2340
76%
3265 Washington 2029
75%
3587 Paris 2229
63%
3540 Copenhagen 2200
61%
3426 Amsterdam 2129
57%
3520 Brussels 2187
57%
3822 Berlin 2375
47%
3962 Lisbon 2462
41%
4048 Madrid 2515
41%
3708 Luxembourg 2304
37%
3809 Tallinn 2367
33%
3969 Riga 2466
29%
3996 Bern 2483
20%
2230 Tórshavn 1386
20%
No matching quizzes found
Score Distribution
Percent of People with Each Score
Percentile by Number Answered
Your Score History
You have not taken this quiz